| 000 | 07120nam a22005897a 4500 | ||
|---|---|---|---|
| 005 | 20101009141316.0 | ||
| 010 | _aHIN-89348 | ||
| 020 |
_a9788170288671 _c375.00 |
||
| 035 | _aHN-61694 | ||
| 035 | _aB-411321-344 | ||
| 037 | _bDBAD /PUB | ||
| 037 | _bराजपाल एंड संस/ PUB | ||
| 082 | _a921 | ||
| 100 |
_aग्यात्यो, तेनज़िन _923653 |
||
| 245 |
_aमेरा देश निकाला / _cतेनज़िन ग्यात्सो ;महेन्द्र कुलश्रेष्ठ द्वारा अनुदित |
||
| 246 |
_aMera desh nikala/ _bby Tenjin Gyatso;trancleted by Mahendr Kulshresht |
||
| 260 |
_aदिल्ली _bराजपाल एंड संज _c2010 |
||
| 270 |
_aकश्मीरी गेट _bदिल्ली _e110006 |
||
| 300 |
_a271पृ _c22सेमी (सजिल्द) |
||
| 500 | _aFreedom in Exile : The Autobiography of the Dalai Lamba का हिन्दी संस्करण | ||
| 650 |
_aजीवनी _923654 |
||
| 650 |
_aBiography _923655 |
||
| 700 |
_aदलाई लामा _923254 |
||
| 700 |
_aकुलश्रेष्ठ, महेन्द्र _923255 |
||
| 942 |
_2ddc _cHN _mग्यात्सो _h921 |
||
| 999 |
_c36144 _d36144 |
||